000 00527nam a2200169Ia 4500
999 _c9156
_d9156
020 _a9789381839980
082 _a338.20954133
_bPAT-E
100 _aPatra, Sudhakar
100 _aSahu, Kabita Kumar
245 0 _aEconomics of mining and health hazards
260 _aNew Delhi
_bAvon Publications
_c2018
300 _avi, 186p
504 _aInclude Bibliography and Index
650 _aMines and Mineral Resources
_vEnvironmental aspects
_vHealth aspects
_zIndia
650 _aEconomics hazards
_zOdisha-India
942 _cBK
_2ddc